Mary : The Mother of God /

Збережено в:
Бібліографічні деталі
Автор: Nesbitt, Roger (autor)
Формат: Книга
Мова:Англійська
Опубліковано: Wallington, Inglaterra : Faith Pamphlets, 1974
Теги: Додати тег
Немає тегів, Будьте першим, хто поставить тег для цього запису!

MARC

LEADER 00000nam^a2200000^a^4500
001 000578383
005 20250521000000.0
009 20260310132508.163
037 |a Acervo Xavier Clavigero 
041 |a ING 
091 |a FIP. 01162 
100 |a Nesbitt, Roger  |e (autor) 
245 1 0 |a Mary :  |b The Mother of God / 
264 1 |a Wallington, Inglaterra :  |b Faith Pamphlets,  |c 1974 
300 |a 20 p. 
336 |a texto  |b txt  |2 rdacontenido 
337 |a sin mediación  |b n  |2 rdamedio 
338 |a volumen  |b nc  |2 rdasoporte 
649 |a XX 
910 |a Fondo Manuel Ignacio Pérez Alonso S.J. 
920 |a Impresos - Libros 
930 |a Fondos Especiales 
905 |a 140 
901 |a 0500404786  |b IT2  |c ESP  |i D  |u 20250521 
902 |a https://opac.biblio.iteso.mx/vufind/Record/000578383